Administración moderna de establecimientos de enseñanza técnica.

Uloženo v:
Podrobná bibliografie
Hlavní autor: Campo Campos, Guillermo, del (autor)
Další autoři: Carcamo Oyarzún, Juan (autor) (autor)
Médium: Kniha
Jazyk:španělština
Vydání:4a edición
Témata:
Tagy: Přidat tag
Žádné tagy, Buďte první, kdo vytvoří štítek k tomuto záznamu!

MARC

LEADER 00000cam^a2200000uu^4500
001 000492168
005 20250521000000.0
008 050901s1993^^^^^^^^^^^^rd^r^^000^0^spa^d
009 20260310125434.028
035 |a FCE 000035443 
035 |a FCE 035485 
037 |a Acervo ITESO - Biblioteca 
041 |a spa 
082 0 4 |a 371.2  |b CAMa 
100 |a Campo Campos, Guillermo, del  |e (autor) 
245 1 0 |a Administración moderna de establecimientos de enseñanza técnica. 
250 |a 4a edición 
264 |a Santiago de Chile :  |b CIDE,  |c 1993. 
300 |a 113 p. 
336 |a texto  |b txt  |2 rdacontenido 
337 |a sin mediación  |b n  |2 rdamedio 
338 |a volumen  |b nc  |2 rdasoporte 
649 |a XX 
650 |a Teoría 
650 |a Administración de la educación 
650 |a Capacitación para el trabajo 
650 |a Educación técnica 
700 |a Carcamo Oyarzún, Juan  |e (autor) 
910 |a Fondo Centro de Estudios Educativos 
920 |a Impresos - Libros 
930 |a Fondos Especiales 
905 |a 133 
901 |a ALE035485  |b IT2  |c CEE  |u 20250521 
902 |a https://opac.biblio.iteso.mx/vufind/Record/000492168